000 00457cam a2200145 4500500
005 20251228074302.0
041 _afre
042 _adc
100 1 0 _aTilby, Michael
_eauthor
245 0 0 _aUne lettre de Balzac retrouvée
260 _c2016.
500 _a17
786 0 _nL'Année balzacienne | 17 | 1 | 2016-11-04 | p. 343-358 | 0084-6473
856 4 1 _uhttps://shs.cairn.info/revue-l-annee-balzacienne-2016-1-page-343?lang=fr&redirect-ssocas=7080
999 _c1597424
_d1597424